000 01090nam a22002177a 4500
999 _c16734
_d16734
005 20251125232848.0
008 s2517 th tha d
040 _aNALT
041 _atha
245 1 0 _aกฎหมายและระเบียบการเลือกตั้งสมาชิกสภาเทศบาล พ.ศ. 2517
260 3 _aกรุงเทพฯ
_c2517
300 _a172 หน้า :
_b ภาพประกอบ ;
_c 26 ซม.
650 0 4 _aสมาชิกสภาเทศบาล -- การเลือกตั้ง (กฎกระทรวง) -- 2517
650 0 4 _aสมาชิกสภาเทศบาล -- การเลือกตั้ง (พ.ร.บ.) -- 2517
650 0 4 _aสมาชิกสภาเทศบาล -- การเลือกตั้ง (ระเบียบ) -- 2517
850 _aNALT
856 4 0 _uhttps://hdl.handle.net/20.500.14156/461031
942 _cLB
_2lcc
998 _j25
_k นีลวัสน์ อินทรักษา
090 _aKE103.5 ม234ก 2517